000
00268nam a22000977a 4500
082
_a
340.59
_b
ZAH
245
_a
New Islamic Laws (Hudood)1979 /
_c
Mian Zahur-Ud-Din
260
_a
Lahore :
_b
Mansoor Law Books House,
_c
2022.
300
_a
160 p. ;
_c
24 cm.
942
_2
ddc
_c
BK
999
_c
592338
_d
592338